| 000 | 00535 a2200181 4500 | ||
|---|---|---|---|
| 020 | _a9780070530775 | ||
| 082 | _a621.395 | ||
| 090 |
_c7278 _d7278 |
||
| 100 | _aKang, Sung-Mo | ||
| 245 |
_aCMOS digital integrated circuits, analysis and design _cSung -Mo Kang |
||
| 250 | _a3rd. ed. | ||
| 260 |
_aNew Delhi: _bTata McGraw Hill; _c2012 |
||
| 300 |
_axvi, 655p.: _bill.; _c24cm. |
||
| 650 | _aMetal oxide semiconductors, complementary | ||
| 650 | _aDigital integrated circuits | ||
| 700 | _aLeblebici, Yusuf | ||
| 942 |
_cBK _k621.395 KAN |
||
| 999 |
_c11081 _d11081 |
||